000 00510nam a2200169 a 4500
001 000043091
005 20201002040630.0
008 140218s1999 enkac 001 0 spa d
020 _a1903040019
040 _aDO-SdBNP
_bspa
_cBNPHU
100 1 _aBull, Stephen
_970616
245 1 0 _aStormtrooper. :
_belite German assault soldiers /
_cStephen Bull.
260 _aLondon, :
_bGreat Britain,
_c1999.
300 _a144 p. :
_bil., retrs. ;
_c31 cm.
500 _aIncluye índice
504 _aBibliografía p: 139-140
999 _c42580
_d42580